00565nam a2200169Ia 4500008004100000020001800041041000800059082001600067100002000083245005200103250000600155260006400161300001200225650000900237999001900246952013000265210716s2012 xx 000 0 und d a9780070446878 aeng a005.43 DASS aDas, Sumitabha. aYour unix: the ultimate guide.bUltimate guide. a1 aNew DelhibTata McGraw Hill Education Private Limitedc2012 aIiv,918 aUnix c193745d193745 001040708MCAaAIMITbAIMITeKnowledge Worldg730.00l0o005.43 DASSpMCA13253r2026-05-23 00:00:00v547.50w2021-07-16yBK